000 00610nam a2200229Ia 4500
003 OSt
005 20230518160554.0
008 210423s2014 xx 000 0 und d
020 _a978-0-07-059499-9
040 _cAL
041 _aeng
082 _a368
_223
_b HARR
100 _aHARRINGTON (Scott E);NIEHAUS (Gregory R)
_9108950
245 _aRisk management and insurance Ed 2
250 _a2
260 _aNew Delhi
_bMcGrawhill Education
_c2014
300 _axxiv,672
_bPB
365 _b799
_cINR
650 _aInsurance
_9108951
906 _aEd ; insurance ; management ; Risk
942 _2ddc
_cBK
999 _c166797
_d166797